[Event "7. LGA Premium Cup"]
[Site "Nürnberg"]
[Date "2010.09.02"]
[Round "1.53"]
[White "Seyb, Alexander"]
[Black "Arnold, Max"]
[Result "1-0"]
[WhiteElo "2294"]
[BlackElo "1950"]
[PlyCount "119"]
[EventDate "2010.??.??"]
[WhiteTeam "SC Forchheim e.V."]
[BlackTeam "SF Pfalzgrafenweiler"]

1. e4 c6 2. d4 d5 3. e5 Bf5 4. h4 h5 5. c4 e6 6. Bg5 Qb6 7. Qd2 dxc4 8. Nc3 Qa6
9. Nge2 Ne7 10. Ng3 Bd3 11. Bxd3 cxd3 12. O-O Nd7 13. b4 Nd5 14. b5 Qa3 15.
Nxd5 cxd5 16. Rab1 Nb6 17. Rb3 Nc4 18. Qf4 Qa5 19. Rd1 d2 20. Qf3 Qxa2 21. Nf1
Be7 {(=)} 22. Nxd2 Bxg5 23. Nxc4 dxc4 24. Ra3 Qb2 25. hxg5 Qxb5 26. d5 exd5 27.
Rxd5 Qb1+ 28. Rd1 Qg6 29. e6 O-O 30. e7 Rfe8 31. Qxb7 Qxg5 32. Re3 c3 33. Rd5
Qf6 34. Qxa8 Rxa8 35. e8=Q+ Rxe8 36. Rxe8+ Kh7 37. Rxh5+ Kg6 38. Rc5 Qd4 39.
Rec8 Qd1+ 40. Kh2 Qd6+ 41. g3 Qd4 42. Kg1 f5 43. R8c6+ Kg5 44. Rxc3 Qd1+ 45.
Kh2 Qf1 46. Rf3 g6 47. Rc2 a6 48. Ra2 Kh5 49. Ra5 Kg5 50. Rf4 Kh5 51. Ra2 Kg5
52. Rfa4 Qe1 53. Kg2 Qe7 54. R2a3 Qb7+ 55. Kh2 Qb6 56. Ra2 Qb7 57. Rxa6 Qh7+
58. Kg1 Kg4 59. R6a4+ Kg5 60. Rh4 1-0

[Event "7. LGA Premium Cup"]
[Site "Nürnberg"]
[Date "2010.09.02"]
[Round "1.55"]
[White "Bartsch, Berthold"]
[Black "Wittenbrock, Frank"]
[Result "1-0"]
[WhiteElo "2270"]
[BlackElo "1937"]
[PlyCount "109"]
[EventDate "2010.??.??"]
[WhiteTeam "SC Forchheim e.V."]
[BlackTeam "Schachklub Halle 1946 e.V."]

1. e4 e6 2. Nc3 d5 3. g3 c5 4. Bg2 Nf6 5. d3 Nc6 6. f4 Rb8 7. e5 Nd7 8. Nf3 b5
9. Qe2 d4 10. Ne4 Qc7 11. g4 Nb6 12. O-O Be7 13. Ng3 Bd7 14. f5 Nd5 15. Nh5 Rg8
16. Qe4 g6 17. fxe6 Bxe6 18. Nf4 Nxf4 19. Bxf4 Nb4 20. Rf2 g5 21. Qxh7 Kd7 22.
Bg3 Rh8 23. Qe4 Nd5 24. Nd2 Ne3 25. Rxf7 Qb6 26. Qc6+ Kd8 27. Rg7 Nxg4 28.
Qxb6+ Rxb6 29. Ne4 Rg8 30. Rxg8+ Bxg8 31. a3 Ne3 32. Rc1 Bd5 33. Bh1 Rh6 34.
Nd2 Bxh1 35. Kxh1 Rh8 36. c3 Nf5 37. Kg2 g4 38. Ne4 dxc3 39. Rxc3 Ne3+ 40. Kg1
c4 41. d4 Nd5 42. Rc1 Rf8 43. Nc3 Bg5 44. Rd1 Ne3 45. Rb1 a6 46. Ne4 Be7 47. d5
Rf5 48. d6 Bf8 49. e6 Be7 50. dxe7+ Kxe7 51. Bf2 Re5 52. Bxe3 Rxe4 53. Kf2 Kxe6
54. Rd1 Ke5 55. Rd8 1-0

[Event "7. LGA Premium Cup"]
[Site "Nürnberg"]
[Date "2010.09.02"]
[Round "1.58"]
[White "Bonk, Andras"]
[Black "Löw, Gerald"]
[Result "1/2-1/2"]
[WhiteElo "1859"]
[BlackElo "2263"]
[PlyCount "97"]
[EventDate "2010.??.??"]
[WhiteTeam "SV Mendig-Mayen e.V."]
[BlackTeam "TSV Bindlach Aktionär-Schachabte"]

1. e4 c5 2. Nf3 g6 3. d4 cxd4 4. Nxd4 Bg7 5. c4 Nc6 6. Be3 Nf6 7. Nc3 Ng4 8.
Qxg4 Nxd4 9. Qd1 Ne6 10. Be2 Bxc3+ 11. bxc3 Qa5 12. Qc2 b6 13. O-O Ba6 14. Rad1
Rc8 15. Rd5 Nc5 16. Rfd1 Qa4 17. Qb2 d6 18. Bg4 Ne6 19. c5 bxc5 20. c4 O-O 21.
Bh6 Rb8 22. Ra1 Nd4 23. Rxd4 cxd4 24. Qxd4 f6 25. Be6+ Kh8 26. Bxf8 Rxf8 27. f4
Bc8 28. f5 Bxe6 29. fxe6 Rc8 30. Rc1 Qa5 31. Qb2 Qb6+ 32. Qxb6 axb6 33. Kf2 b5
34. Ke3 bxc4 35. Kd4 Ra8 36. Rxc4 Rxa2 37. Rc7 Ra4+ 38. Kd5 Ra5+ 39. Kc6 Rc5+
40. Kd7 Rxc7+ 41. Kxc7 f5 42. exf5 Kg7 43. Kd7 Kf6 44. g4 g5 45. Kc6 Ke5 46.
Kb5 Kf6 47. Kb6 Ke5 48. Kc6 Kf6 49. Kb5 1/2-1/2

[Event "7. LGA Premium Cup"]
[Site "Nürnberg"]
[Date "2010.09.02"]
[Round "1.63"]
[White "Zikeli, Julia"]
[Black "Siedentopf, Daniel"]
[Result "0-1"]
[WhiteElo "1844"]
[BlackElo "2240"]
[PlyCount "120"]
[EventDate "2010.??.??"]
[WhiteTeam "SG Schwäb.Gmünd 1872 e.V"]
[BlackTeam "SG Grün-Weiß Dresden"]

1. e4 e6 2. d4 d5 3. Nc3 Bb4 4. e5 c5 5. a3 Bxc3+ 6. bxc3 Ne7 7. Bd3 Nbc6 8.
Nf3 Bd7 9. O-O c4 10. Be2 O-O 11. Bg5 h6 12. Bh4 Qe8 13. g4 Ng6 14. Bg3 f6 15.
exf6 gxf6 16. Qd2 Kh7 17. h4 Qe7 18. Kg2 Kg7 19. h5 Nh8 20. Bf4 Nf7 21. Nh4 Rg8
22. Ng6 Qd8 23. Rh1 Ne7 24. Rh2 Ng5 25. Rah1 Nxg6 26. hxg6 Rh8 27. Qe3 Kxg6 28.
Bg3 Qf8 29. f4 Nf7 30. g5 Kg7 31. gxf6+ Kxf6 32. Bh4+ Kg7 33. Qg3+ Kh7 34. Kf2
Rg8 35. Qf3 Nd6 36. Ke1 Ne4 37. Bxc4 Qxa3 38. Qe3 Qxc3+ 39. Qxc3 Nxc3 40. Bd3+
Ne4 41. Bg5 Rg6 42. Bxe4 dxe4 43. Bxh6 Kg8 44. Bg5 Kf7 45. Rh7+ Rg7 46. R1h6 a5
47. Rf6+ Kg8 48. Rh3 e5 49. Re3 exd4 50. Rxe4 a4 51. Rxd4 Bg4 52. Kd2 a3 53.
Rfd6 Ra5 54. Rd8+ Kh7 55. R4d6 Rgxg5 56. fxg5 a2 57. Rh6+ Kg7 58. Rh1 a1=Q 59.
Rxa1 Rxa1 60. Rd4 Rd1+ 0-1

[Event "7. LGA Premium Cup"]
[Site "Nürnberg"]
[Date "2010.09.02"]
[Round "1.66"]
[White "Heimrath, Reiner"]
[Black "Hirschmann, Jakob"]
[Result "1-0"]
[WhiteElo "2231"]
[BlackElo "1805"]
[PlyCount "85"]
[EventDate "2010.??.??"]
[WhiteTeam "SC Noris-Tarrasch Nürnberg 1873"]
[BlackTeam "SG Reil-Kinheim"]

1. e4 e6 2. d3 d5 3. Nd2 b6 4. c3 Bb7 5. Qa4+ Qd7 6. Qc2 c5 7. Ngf3 Ne7 8. d4
dxe4 9. Nxe4 cxd4 10. Nxd4 Nbc6 11. Nxc6 Bxc6 12. Bg5 Nf5 13. Rd1 Qb7 14. Bd3
Be7 15. Bxe7 Kxe7 16. O-O Rad8 17. Rfe1 Nd6 18. Nxd6 Rxd6 19. Bf1 Rxd1 20. Rxd1
h6 21. Qd2 Qc7 22. c4 Rd8 23. Qb4+ Ke8 24. Rc1 Qf4 25. Qc3 Rd2 26. f3 Qg5 27.
Kh1 Rf2 28. Rd1 Qh4 {(=)} 29. Qd3 Qe7 30. c5 Qd7 31. Qb3 Ba4 32. Qe3 Rxf3 33.
Qxf3 Bxd1 34. Qa8+ Ke7 35. c6 Qc7 36. Bb5 Bc2 37. Qb7 Kd6 38. Qa6 Kc5 39. h3
Qg3 40. Bf1 Qf2 41. c7 Be4 42. c8=Q+ Kd6 43. Qa3+ 1-0

[Event "7. LGA Premium Cup"]
[Site "Nürnberg"]
[Date "2010.09.02"]
[Round "1.74"]
[White "Wettermann, Bernd"]
[Black "Eppinger, Georg"]
[Result "0-1"]
[WhiteElo "1768"]
[BlackElo "2212"]
[PlyCount "54"]
[EventDate "2010.??.??"]
[WhiteTeam "FC Konradsreuth"]
[BlackTeam "SGEM Dreisamtal"]

1. e4 c5 2. f4 d5 3. exd5 Qxd5 4. Qf3 Nf6 5. Nc3 Qe6+ 6. Nge2 Nc6 7. Nb5 Qd7 8.
c3 a6 9. Na3 b5 10. Ng3 Bb7 11. Be2 h5 12. O-O h4 13. Ne4 Nxe4 14. Qxe4 Nd4 15.
Qe5 Nxe2+ 16. Qxe2 h3 17. g3 Qd5 18. Kf2 Rh6 19. Nc2 O-O-O 20. Ne3 Qe4 21. a4
Rd3 22. axb5 axb5 23. Qg4+ e6 24. f5 Rxe3 25. Qxe4 Rxe4 26. Kg1 c4 27. fxe6
Bc5+ 0-1

[Event "7. LGA Premium Cup"]
[Site "Nürnberg"]
[Date "2010.09.02"]
[Round "1.75"]
[White "Nabavi, Parwis"]
[Black "Heinz, Friedrich"]
[Result "1-0"]
[WhiteElo "2203"]
[BlackElo "1768"]
[PlyCount "69"]
[EventDate "2010.??.??"]
[WhiteTeam "SGEM Dreisamtal"]
[BlackTeam "SV Alsfeld"]

1. d4 Nf6 2. c4 e6 3. Nf3 g6 4. Nc3 Bg7 5. e4 h6 6. Qc2 Nc6 7. h3 b6 8. Be3 Bb7
9. a3 d6 10. Be2 Qe7 11. O-O O-O 12. Rad1 e5 13. d5 Nb8 14. b4 Nbd7 15. Nd2 a5
16. Nb3 axb4 17. axb4 Nh7 18. Nb5 Ndf6 19. Ra1 c6 20. Na7 cxd5 21. cxd5 Bxd5
22. Nc6 Bxc6 23. Qxc6 Rab8 24. Rfc1 Ng5 25. Bxb6 Ngxe4 26. b5 Qe6 27. Na5 Rfc8
28. Bc7 Ra8 29. b6 Nc5 30. Rxc5 Rab8 31. Qxd6 Nd7 32. Qxe6 fxe6 33. Bxb8 Rxb8
34. Rb5 e4 35. Rab1 1-0

[Event "7. LGA Premium Cup"]
[Site "Nürnberg"]
[Date "2010.09.03"]
[Round "2.1"]
[White "Lauer, Moritz"]
[Black "Hector, Jonny"]
[Result "1-0"]
[WhiteElo "2298"]
[BlackElo "2592"]
[PlyCount "82"]
[EventDate "2010.??.??"]
[WhiteTeam "SV Puschendorf"]
[BlackTeam "Schachklub Turm Emsdetten e.V."]

1. e4 e5 2. Nf3 Nc6 3. Bb5 Bc5 4. c3 Bb6 5. d4 exd4 6. cxd4 Nce7 7. d5 Nf6 8.
Nc3 O-O 9. d6 cxd6 10. Bg5 Ng4 11. O-O f6 12. Bf4 Ne5 13. Nd5 Kh8 14. Rc1 a6
15. Be2 N7g6 16. Bg3 Rb8 17. Nd4 Bxd4 18. Qxd4 b5 19. Ne3 Bb7 20. f4 Nc6 21.
Qxd6 Qb6 22. Bf2 Rbe8 23. Bf3 Qd8 24. Rfd1 Rf7 25. Bh5 Rfe7 26. f5 Nge5 27.
Bxe8 Qxe8 28. Nd5 Rf7 29. Nc7 Qg8 30. b3 Re7 31. Nd5 Re8 32. Qc7 Nd8 33. Bg3
Nef7 34. Qxd7 Rxe4 35. Rc7 Ba8 36. Nb6 Bc6 37. Rxc6 Nxc6 38. Qxc6 Re2 39. Rc1
Rxa2 40. Qd7 Nd8 41. Re1 Qf8 1-0

[Event "7. LGA Premium Cup"]
[Site "Nürnberg"]
[Date "2010.09.03"]
[Round "2.2"]
[White "Bluvshtein, Mark"]
[Black "Seyb, Alexander"]
[Result "1-0"]
[WhiteElo "2583"]
[BlackElo "2294"]
[PlyCount "85"]
[EventDate "2010.??.??"]
[WhiteTeam "Canada"]
[BlackTeam "SC Forchheim e.V."]
[WhiteTeamCountry "CAN"]

1. d4 g6 2. c4 Bg7 3. e4 d6 4. Nc3 e5 5. d5 f5 6. exf5 gxf5 7. Qh5+ Kf8 8. Be3
Na6 9. g3 Qe8 10. Qe2 Ne7 11. O-O-O Bd7 12. Nf3 Ng6 13. h4 Nc5 14. h5 e4 15.
Nd4 Ne5 16. Kb1 Rg8 17. Bh3 Qf7 18. Ncb5 Rc8 19. Nxa7 Ra8 20. Nab5 Bxb5 21.
Nxb5 Ncd3 22. Nd4 Nxc4 23. Rxd3 exd3 24. Qxd3 Qxd5 25. Bg2 Qxg2 26. Qxf5+ Ke8
27. Qe6+ Kf8 28. Bg5 Qxh1+ 29. Kc2 Qe1 30. Qxe1 Be5 31. f4 Rxg5 32. fxg5 Nxb2
33. Nf3 Nc4 34. Nxe5 Nxe5 35. Qe4 Kg8 36. Qxb7 Rxa2+ 37. Kb3 Rf2 38. Qxc7 Rf3+
39. Kc2 Rxg3 40. Qd8+ Kf7 41. Qf6+ Kg8 42. h6 Rg2+ 43. Kb3 1-0

[Event "7. LGA Premium Cup"]
[Site "Nürnberg"]
[Date "2010.09.03"]
[Round "2.3"]
[White "Menacher, Manfred"]
[Black "Ftacnik, Lubomir"]
[Result "0-1"]
[WhiteElo "2290"]
[BlackElo "2568"]
[PlyCount "74"]
[EventDate "2010.??.??"]
[WhiteTeam "SK Kelheim 1920"]
[BlackTeam "Hamburger SK von 1830 eV"]

1. Nf3 Nf6 2. c4 c5 3. Nc3 e6 4. g3 b6 5. Bg2 Bb7 6. O-O Be7 7. Re1 d5 8. cxd5
exd5 9. d4 O-O 10. Bf4 Na6 11. dxc5 Nxc5 12. Rc1 Ne6 13. Be5 Re8 14. Bh3 Nd7
15. Nxd5 Nxe5 16. Nxe7+ Qxe7 17. Nxe5 Ng5 18. Bd7 Qxe5 19. Bxe8 Qxe8 20. Rc3
Rd8 21. Re3 Ne6 22. Rd3 Rc8 23. Qd2 h5 24. b4 Qa4 25. a3 Rc2 26. Qe3 Qc6 27. f3
h4 28. Red1 hxg3 29. hxg3 Qc7 30. Kg2 Ba6 31. Rd7 Qc8 32. R1d2 Rc1 33. Rxa7 Rh1
34. Rdd7 Rh2+ 35. Kg1 Rxe2 36. Qb3 Qc1+ 37. Rd1 Qh6 0-1

[Event "7. LGA Premium Cup"]
[Site "Nürnberg"]
[Date "2010.09.03"]
[Round "2.4"]
[White "Buhmann, Rainer"]
[Black "Bartsch, Berthold"]
[Result "1-0"]
[WhiteElo "2563"]
[BlackElo "2270"]
[PlyCount "77"]
[EventDate "2010.??.??"]
[WhiteTeam "SV Hockenheim"]
[BlackTeam "SC Forchheim e.V."]

1. Nf3 Nc6 2. d4 d5 3. e3 Bf5 4. Bb5 e6 5. Ne5 Nge7 6. g4 Bg6 7. h4 h5 8. Nxg6
Nxg6 9. g5 Qd7 10. Nd2 e5 11. c3 O-O-O 12. Nb3 a6 13. Be2 Kb8 14. Bxh5 Qe8 15.
Bd2 exd4 16. cxd4 Nf4 17. Bf3 Nd3+ 18. Kf1 Nxb2 19. Qc2 Nc4 20. Rc1 f6 21. g6
f5 22. h5 Ba3 23. Rb1 Rf8 24. Bc1 f4 25. e4 Bxc1 26. Rxc1 Nb4 27. Qe2 Na3 28.
exd5 Qxe2+ 29. Kxe2 Rfe8+ 30. Kd2 Nxd5 31. Rhe1 Rh8 32. Rc5 c6 33. Re5 Nf6 34.
Re7 Rd7 35. Rxd7 Nxd7 36. Rf5 Rf8 37. Rxf8+ Nxf8 38. h6 Nxg6 39. Be4 1-0

[Event "7. LGA Premium Cup"]
[Site "Nürnberg"]
[Date "2010.09.03"]
[Round "2.5"]
[White "Afek, Yochanan"]
[Black "Milov, Leonid"]
[Result "0-1"]
[WhiteElo "2269"]
[BlackElo "2561"]
[PlyCount "142"]
[EventDate "2010.??.??"]
[WhiteTeam "Hamburger SK von 1830 eV"]
[BlackTeam "SC Noris-Tarrasch Nürnberg 1873"]

1. e4 d5 2. exd5 Qxd5 3. Nc3 Qa5 4. d4 Nf6 5. Nf3 Bf5 6. Bc4 e6 7. Bd2 c6 8.
Qe2 Bb4 9. a3 Nbd7 10. O-O Bxc3 11. Bxc3 Qc7 12. Rad1 O-O 13. Ne5 Rad8 14. Bd3
Nxe5 15. Bxf5 exf5 16. Qxe5 Qxe5 17. dxe5 Nd5 18. Bd4 b6 19. b3 Rd7 20. Rd2
Rfd8 21. Rfd1 Nc7 22. Be3 Rxd2 23. Rxd2 Rxd2 24. Bxd2 Nb5 25. a4 Nd4 26. Kf1
Kf8 27. Bc3 Ne6 28. Ke2 Ke7 29. Bd2 Nc7 30. Kd3 Ke6 31. f4 Kd5 32. Be3 c5 33.
h3 h5 34. c4+ Kc6 35. Kc3 Ne6 36. b4 cxb4+ 37. Kxb4 a5+ 38. Kc3 h4 39. Kc2 Nc5
40. Bf2 Ne6 41. Be3 Nc5 42. Bf2 Nxa4 43. Bxh4 Nc5 44. g4 Ne6 45. Bg3 b5 46.
cxb5+ Kxb5 47. Kc3 g6 48. gxf5 gxf5 49. h4 Ng7 50. Bf2 Nh5 51. Be3 a4 52. Bc1
Kc5 53. Bd2 Kd5 54. Kb4 Ke4 55. Kxa4 Nxf4 56. Kb5 Nh5 57. Kc5 Kxe5 58. Ba5 f4
59. Bb6 Ke4 60. Kc6 f3 61. Kd7 Nf6+ 62. Kd8 Kf5 63. Bd4 Ke4 64. Ba7 Ng4 65. h5
f5 66. Ke7 f4 67. Ke6 Ne3 68. h6 f2 69. h7 f1=Q 70. h8=Q Qc4+ 71. Kf6 Qa6+ 0-1

[Event "7. LGA Premium Cup"]
[Site "Nürnberg"]
[Date "2010.09.03"]
[Round "2.6"]
[White "Bischoff, Klaus"]
[Black "Scheremet, Michael"]
[Result "1-0"]
[WhiteElo "2553"]
[BlackElo "2266"]
[PlyCount "89"]
[EventDate "2010.??.??"]
[WhiteTeam "Sportfreunde Katernberg 1913 e.V"]
[BlackTeam "SC Noris-Tarrasch Nürnberg 1873"]

1. d4 d5 2. c4 e6 3. Nc3 Be7 4. Nf3 Nf6 5. Bg5 O-O 6. e3 c6 7. Qc2 Nbd7 8. h3
Re8 9. a3 dxc4 10. Bxc4 Nd5 11. Bxe7 Qxe7 12. O-O Nxc3 13. bxc3 c5 14. a4 b6
15. Bd3 h6 16. e4 Bb7 17. Rfe1 Rac8 18. Qb2 Rc7 19. a5 Rec8 20. axb6 axb6 21.
Ra7 Ra8 22. Rxa8+ Bxa8 23. d5 c4 24. Bb1 Rc8 25. Nd4 exd5 26. e5 Re8 27. Bf5
Nxe5 28. f4 Qh4 29. Rxe5 Rxe5 30. fxe5 Qe1+ 31. Kh2 Qxe5+ 32. g3 g6 33. Bg4 h5
34. Bf3 h4 35. Qf2 b5 36. Nxb5 Qb8 37. Nd4 hxg3+ 38. Qxg3 Qb2+ 39. Bg2 Bb7 40.
h4 Bc8 41. h5 Qd2 42. hxg6 fxg6 43. Qxg6+ Kf8 44. Qf6+ Kg8 45. Nc6 1-0

[Event "7. LGA Premium Cup"]
[Site "Nürnberg"]
[Date "2010.09.03"]
[Round "2.7"]
[White "Sobolevsky, Leonid"]
[Black "Baramidze, David"]
[Result "0-1"]
[WhiteElo "2252"]
[BlackElo "2542"]
[PlyCount "44"]
[EventDate "2010.??.??"]
[WhiteTeam "Schachzirkel Elstertal Langenber"]
[BlackTeam "Hamburger SK von 1830 eV"]

1. e4 e5 2. Nf3 Nc6 3. d4 exd4 4. c3 dxc3 5. Nxc3 d6 6. Qb3 Nf6 7. Ng5 Qe7 8.
Bc4 Ne5 9. Bb5+ c6 10. f4 Ned7 11. O-O h6 12. Nf3 cxb5 13. Be3 Nc5 14. Bxc5
dxc5 15. e5 c4 16. Qxb5+ Nd7 17. Ne4 Qb4 18. Qd5 Nc5 19. Rad1 Be6 20. Qd4 Nxe4
21. Qxe4 c3 22. Nd4 c2 0-1

[Event "7. LGA Premium Cup"]
[Site "Nürnberg"]
[Date "2010.09.03"]
[Round "2.8"]
[White "Bindrich, Falko"]
[Black "Schöneberg, Manfred"]
[Result "1/2-1/2"]
[WhiteElo "2507"]
[BlackElo "2263"]
[PlyCount "67"]
[EventDate "2010.??.??"]
[WhiteTeam "SC Eppingen"]
[BlackTeam "SV Lok Leipzig-Mitte"]

1. d4 Nf6 2. c4 e6 3. g3 d5 4. Nf3 Bb4+ 5. Bd2 Bxd2+ 6. Nbxd2 O-O 7. Bg2 Nbd7
8. O-O c5 9. cxd5 exd5 10. dxc5 Nxc5 11. Nb3 Nce4 12. Rc1 Bd7 13. Qd4 Re8 14.
Qb4 a5 15. Qa3 b5 16. Nbd4 Qb6 17. e3 h6 18. Qd3 b4 19. h3 Rac8 20. Rfd1 Ba4
21. Re1 Bd7 22. Rxc8 Rxc8 23. Ne5 Qc7 24. Nxd7 Qxd7 25. Qa6 Qc7 26. Bf1 Nc5 27.
Qb5 Nfe4 28. Rc1 Nxf2 29. Rxc5 Qxg3+ 30. Bg2 Nxh3+ 31. Kh1 Nf2+ 32. Kg1 Nh3+
33. Kh1 Nf2+ 34. Kg1 1/2-1/2

[Event "7. LGA Premium Cup"]
[Site "Nürnberg"]
[Date "2010.09.03"]
[Round "2.9"]
[White "Nuber, Blasius"]
[Black "Braun, Arik"]
[Result "0-1"]
[WhiteElo "2243"]
[BlackElo "2538"]
[PlyCount "98"]
[EventDate "2010.??.??"]
[WhiteTeam "SC Dillingen"]
[BlackTeam "SC Eppingen"]

1. e4 c6 2. d4 d5 3. Nc3 dxe4 4. Nxe4 Bf5 5. Ng3 Bg6 6. h4 h6 7. N1e2 Nf6 8.
Nf4 Bh7 9. Bc4 e6 10. c3 Nbd7 11. Qf3 Nb6 12. Bb3 Nbd5 13. Nfh5 Nxh5 14. Nxh5
Bg6 15. Bd2 a5 16. Rd1 a4 17. Bc4 Ra5 18. Nf4 Nxf4 19. Bxf4 Bd6 20. h5 Bh7 21.
Bd3 Bxd3 22. Bxd6 Bc2 23. Rc1 Qxd6 24. Rxc2 O-O 25. Rh4 Rf5 26. Qe4 Ra8 27. c4
Rd8 28. Kf1 c5 29. Rd2 Qa6 30. Qe2 Qa5 31. d5 Rd6 32. Re4 Qd8 33. Ke1 Qg5 34.
g4 Rf4 35. Rxf4 Qxf4 36. f3 b5 37. Qe4 Qg5 38. b3 axb3 39. axb3 bxc4 40. bxc4
Ra6 41. Ke2 Qh4 42. Qe3 Ra1 43. Qxc5 Qe1+ 44. Kd3 Qf1+ 45. Ke4 Ra4 46. Rd4 Qe1+
47. Kd3 Ra2 48. Qc8+ Kh7 49. dxe6 Ra3+ 0-1

[Event "7. LGA Premium Cup"]
[Site "Nürnberg"]
[Date "2010.09.03"]
[Round "2.10"]
[White "Espig, Lutz"]
[Black "Eperjesi, Laszlo"]
[Result "1-0"]
[WhiteElo "2365"]
[BlackElo "2194"]
[PlyCount "99"]
[EventDate "2010.??.??"]
[WhiteTeam "Schachklub König Plauen"]
[BlackTeam "Ungarn"]
[BlackTeamCountry "HUN"]

1. Nf3 d5 2. g3 c6 3. Bg2 Bg4 4. b3 Nd7 5. Bb2 e6 6. d3 Ngf6 7. Nbd2 Be7 8. O-O
O-O 9. h3 Bh5 10. e4 h6 11. Qe1 Bxf3 12. Nxf3 a5 13. a3 Ne8 14. Qe2 Nc7 15.
Rad1 Bf6 16. d4 a4 17. b4 b5 18. e5 Be7 19. Ne1 f6 20. exf6 Rxf6 21. Nd3 Nb6
22. Ne5 Qe8 23. Bc1 Nc4 24. Ng4 Rf5 25. f4 Bd6 26. h4 Qg6 27. Rd3 Raf8 28. Ne3
R5f6 29. Ng4 Rf5 30. Ne3 R5f6 31. h5 Qh7 32. Bh3 Qe4 33. Bg2 Qh7 34. Bh3 Qe4
35. Re1 Kh8 36. Nxc4 Qxe2 37. Rxe2 bxc4 38. Rde3 g5 39. hxg6 Rxg6 40. Kf2 Rff6
41. Rf3 h5 42. Re1 Kg7 43. Rh1 Rf8 44. Bf1 Rh8 45. Be2 Be7 46. Re3 Nb5 47. c3
Nd6 48. Rxh5 Ne4+ 49. Kg2 Rf8 50. Rf3 1-0

[Event "7. LGA Premium Cup"]
[Site "Nürnberg"]
[Date "2010.09.03"]
[Round "2.11"]
[White "Siedentopf, Daniel"]
[Black "Bromberger, Stefan"]
[Result "1/2-1/2"]
[WhiteElo "2240"]
[BlackElo "2530"]
[PlyCount "46"]
[EventDate "2010.??.??"]
[WhiteTeam "SG Grün-Weiß Dresden"]
[BlackTeam "FC Bayern München e.V."]

1. d4 Nf6 2. c4 e6 3. Nc3 Bb4 4. e3 d5 5. a3 Bxc3+ 6. bxc3 O-O 7. cxd5 exd5 8.
Bd3 c5 9. Ne2 b6 10. O-O Ba6 11. Bxa6 Nxa6 12. f3 Qd7 13. Ng3 Rfe8 14. Ra2 Rac8
15. Re2 cxd4 16. cxd4 Rc4 17. Qd3 b5 18. Bb2 h5 19. e4 h4 20. Nf5 dxe4 21. fxe4
Nc5 22. Qh3 Ncxe4 23. Qxh4 Nd6 1/2-1/2

[Event "7. LGA Premium Cup"]
[Site "Nürnberg"]
[Date "2010.09.03"]
[Round "2.12"]
[White "Ginsburg, Gennadi"]
[Black "Liepold, Stefan"]
[Result "1-0"]
[WhiteElo "2526"]
[BlackElo "2240"]
[PlyCount "51"]
[EventDate "2010.??.??"]
[WhiteTeam "SV 1920 Hofheim"]
[BlackTeam "SC Erlangen 48/88"]

1. e4 e6 2. d4 d5 3. Nd2 a6 4. Ngf3 c5 5. exd5 exd5 6. Be2 c4 7. O-O Bd6 8. b3
b5 9. c3 Ne7 10. a4 Bb7 11. Ba3 O-O 12. Ne5 f6 13. Ng4 Nbc6 14. Ne3 Bxa3 15.
Rxa3 Ng6 16. Bf3 Nge7 17. Qc2 Qd7 18. Rfa1 Rac8 19. axb5 axb5 20. Ndf1 b4 21.
Ra4 bxc3 22. Qxc3 cxb3 23. Qxb3 Rfd8 24. Ng3 g6 25. Ne4 Qe6 26. Nc5 1-0

[Event "7. LGA Premium Cup"]
[Site "Nürnberg"]
[Date "2010.09.03"]
[Round "2.13"]
[White "Promyshlyanskiy, Vitaliy"]
[Black "Prusikin, Michael"]
[Result "0-1"]
[WhiteElo "2237"]
[BlackElo "2522"]
[PlyCount "114"]
[EventDate "2010.??.??"]
[WhiteTeam "SC Noris-Tarrasch Nürnberg 1873"]
[BlackTeam "SC Forchheim e.V."]

1. e4 e5 2. Nf3 Nc6 3. Bb5 a6 4. Ba4 Nf6 5. O-O Be7 6. Re1 b5 7. Bb3 d6 8. c3
O-O 9. h3 Na5 10. Bc2 c5 11. d4 Qc7 12. Nbd2 Be6 13. d5 Bd7 14. b3 Nb7 15. c4
Rfb8 16. Nf1 Ne8 17. Ne3 g6 18. Ng4 Nd8 19. Nh6+ Kg7 20. Kh2 a5 21. a4 bxc4 22.
bxc4 Rb4 23. Qe2 f6 24. g4 Nf7 25. Nxf7 Kxf7 26. Bd2 Ng7 27. Bxb4 cxb4 28. Nd2
h5 29. f3 Rh8 30. Kg2 Qc8 31. Nf1 hxg4 32. hxg4 f5 33. Ne3 f4 34. Nd1 Nh5 35.
Rh1 Ng3 36. Rxh8 Qxh8 37. Qe1 Qc8 38. Nf2 Qxc4 39. Bd3 Qd4 40. Rd1 Qb6 41. Ra1
Bh4 42. Qg1 Qd4 43. Rd1 Qb2 44. Bb5 Bxg4 45. Rb1 Qd2 46. Qc1 Bh3+ 47. Kg1 Qd4
48. Qc7+ Kg8 49. Qc4 Qe3 50. Qd3 Qc5 51. Qc4 Qe3 52. Qd3 Qb6 53. Rb2 Bf1 54.
Qxf1 Nxf1 55. Kxf1 Qe3 56. Kg2 Bxf2 57. Rxf2 b3 0-1

[Event "7. LGA Premium Cup"]
[Site "Nürnberg"]
[Date "2010.09.03"]
[Round "2.14"]
[White "Hoffmann, Michael"]
[Black "Kordts, Wolfgang"]
[Result "1-0"]
[WhiteElo "2510"]
[BlackElo "2237"]
[PlyCount "51"]
[EventDate "2010.??.??"]
[WhiteTeam "Schachgesellschaft Solingen e.V."]
[BlackTeam "SC Postbauer-Heng e.V"]

1. d4 Nf6 2. c4 g6 3. Nc3 Bg7 4. e4 d6 5. h3 O-O 6. Bg5 h6 7. Be3 e5 8. d5 Na6
9. Nf3 Qe8 10. g4 Bd7 11. Nd2 Nc5 12. Be2 a5 13. h4 Nh7 14. Nf1 f5 15. gxf5
gxf5 16. exf5 Bxf5 17. Ng3 Qg6 18. Qd2 Nf6 19. O-O-O Kf7 20. Rhg1 Qh7 21. Nxf5
Qxf5 22. Nb5 Nfe4 23. Qc2 Qd7 24. f3 c6 25. dxc6 bxc6 26. Nxd6+ 1-0

[Event "7. LGA Premium Cup"]
[Site "Nürnberg"]
[Date "2010.09.03"]
[Round "2.15"]
[White "Boguslavskyy, Oleg"]
[Black "Heimrath, Reiner"]
[Result "1-0"]
[WhiteElo "2485"]
[BlackElo "2231"]
[PlyCount "73"]
[EventDate "2010.??.??"]
[WhiteTeam "SV Hockenheim"]
[BlackTeam "SC Noris-Tarrasch Nürnberg 1873"]

1. e4 c5 2. Nf3 Nc6 3. Bb5 a6 4. Bxc6 dxc6 5. h3 e5 6. d3 Qc7 7. Be3 Bd6 8.
Nbd2 Ne7 9. Nc4 Be6 10. Nxd6+ Qxd6 11. Qd2 b6 12. Ng5 Bd7 13. f4 Ng6 14. f5 Ne7
15. Qc3 f6 16. Nf3 a5 17. g4 a4 18. a3 Nc8 19. g5 Qe7 20. Rg1 Nd6 21. gxf6 gxf6
22. b4 cxb4 23. Qxb4 Nc8 24. Qxe7+ Kxe7 25. Rg7+ Ke8 26. d4 exd4 27. Bxd4 Rf8
28. Rd1 Ra7 29. Rxh7 Rf7 30. Rh8+ Ke7 31. Nh4 Kd6 32. Bxb6+ Ke5 33. Bxa7 Nxa7
34. Rd8 Be8 35. R1d4 Kf4 36. Ng6+ Kg5 37. Rxa4 1-0

[Event "7. LGA Premium Cup"]
[Site "Nürnberg"]
[Date "2010.09.03"]
[Round "2.16"]
[White "Schuster, Karsten"]
[Black "Zaragatski, Ilja"]
[Result "0-1"]
[WhiteElo "2226"]
[BlackElo "2490"]
[PlyCount "56"]
[EventDate "2010.??.??"]
[WhiteTeam "SC Gröbenzell"]
[BlackTeam "Sportfreunde Katernberg 1913 e.V"]

1. d4 Nf6 2. Nf3 c5 3. c3 b6 4. Bf4 Bb7 5. e3 d6 6. Be2 g6 7. h3 Bg7 8. O-O O-O
9. Nbd2 Nbd7 10. a4 a6 11. Qb3 Qc7 12. Bh2 Bc6 13. Rfd1 Qb7 14. Ne1 b5 15. axb5
axb5 16. Bf3 e5 17. Bxc6 Qxc6 18. dxe5 c4 19. Qc2 dxe5 20. Ndf3 Rxa1 21. Rxa1
Ne4 22. Ra7 Nec5 23. Qd1 Ra8 24. Rxa8+ Qxa8 25. Qd6 e4 26. Ne5 Qa1 27. Kf1 Bxe5
28. Bxe5 Nd3 0-1

[Event "7. LGA Premium Cup"]
[Site "Nürnberg"]
[Date "2010.09.03"]
[Round "2.17"]
[White "Mainka, Romuald"]
[Black "Reis, Gerhard"]
[Result "1-0"]
[WhiteElo "2483"]
[BlackElo "2225"]
[PlyCount "59"]
[EventDate "2010.??.??"]
[WhiteTeam "Schachclub Hansa Dortmund e.V."]
[BlackTeam "SK Zirndorf e.V."]

1. e4 c5 2. Nf3 e6 3. Nc3 Nc6 4. Bb5 Nge7 5. O-O a6 6. Bxc6 Nxc6 7. d4 cxd4 8.
Nxd4 Qc7 9. Re1 Be7 10. Nxc6 bxc6 11. e5 O-O 12. Bf4 f5 13. exf6 Qxf4 14. fxe7
Re8 15. Ne4 d5 16. Nc5 Rxe7 17. Nd3 Qd6 18. Ne5 Bb7 19. Qg4 Rf8 20. Qg3 Rf5 21.
Ng6 e5 22. Nxe7+ Qxe7 23. b4 Rg5 24. Qh3 e4 25. f3 h6 26. fxe4 Qxb4 27. exd5
cxd5 28. Re8+ Kh7 29. Qd3+ g6 30. Rae1 1-0